000
00346nam a2200157Ia 4500
100
_a
Anitha/S/ Gomathi/ M
650
_a
Middleware
942
_c
BK
366
_f
25
245
_a
Programming with middleware technologies
260
_b
Ane Books
_c
2011
082
_a
5.74
_b
ANI
300
_a
138
546
_a
ENGLISH
_c
Computers
999
_c
24593
_d
24593